| 000 | 00486nam a2200169Ia 4500 | ||
|---|---|---|---|
| 999 |
_c16 _d16 |
||
| 003 | OSt | ||
| 005 | 20210908101055.0 | ||
| 008 | 190216s9999||||xx |||||||||||||| ||und|| | ||
| 040 | _coclc | ||
| 082 |
_a892.73 _bALI/Q |
||
| 100 |
_aAli, Abdul Pathath Salry _98801 |
||
| 245 | 0 |
_aAl Qiratul Rasheeda / _cAbdul Pathath Salry Ali |
|
| 260 |
_bAl Mathbahathul Kaslookiya, _aBeirut: |
||
| 300 | _a94p | ||
| 650 | _aArabic | ||
| 942 |
_cBK _2ddc _h892.73 _iALI/Q _k892.73 _mALI/Q |
||